00181nam a2200073Ia 4500008004100000100000900041245004400050260001300094190216s9999||||xx |||||||||||||| ||und|| aNull 0aHindi-Kamayani Ka Shamli Vinjanik Adyan bRama Pub